Principios de Hacienda Pública / (Registro nro. 7681)

Detalles MARC
000 -LEADER
fixed length control field 01169nam a2200277Ia 4500
003 - CONTROL NUMBER IDENTIFIER
control field OSt
005 - DATE AND TIME OF LATEST TRANSACTION
control field 20210422151932.0
008 - FIXED-LENGTH DATA ELEMENTS--GENERAL INFORMATION
fixed length control field 210310s1962 sp gr 000 0 spa d
040 ## - CATALOGING SOURCE
Original cataloging agency CO-JMCR
Transcribing agency CO-JMCR
041 1# - LANGUAGE CODE
Language code of text/sound track or separate title spa
Language code of original ita
082 04 - DEWEY DECIMAL CLASSIFICATION NUMBER
Classification number 336.02 /
Item number E351p
Edition number 23
100 1# - MAIN ENTRY--PERSONAL NAME
Personal name Einaudi, Luigi,
9 (RLIN) 15139
Relator term autor
245 10 - TITLE STATEMENT
Title Principios de Hacienda Pública /
Statement of responsibility, etc. Luigi Einaudi ; traducción, Jaime Algarra, Miguel Paredes ; introducción por Manuel de Torres
260 ## - PUBLICATION, DISTRIBUTION, ETC.
Place of publication, distribution, etc. Madrid :
Name of publisher, distributor, etc. Aguilar,
Date of publication, distribution, etc. 1962
300 ## - PHYSICAL DESCRIPTION
Other physical details xxxvi, 518 páginas ;
Dimensions 21 cm.
490 0# - SERIES STATEMENT
Series statement Biblioteca de Ciencias Sociales. Sección primera : Economía
500 ## - GENERAL NOTE
General note Incluye notas a pie de página e índice alfabético.<br/>Título original: Principii di scienza della finanza
505 0# - FORMATTED CONTENTS NOTE
Formatted contents note Los ingresos no derivados del impuesto -- Teoría general del impuesto -- La hacienda extraordinaria y la deuda pública
546 ## - LANGUAGE NOTE
Language note Traducido del italiano.
650 14 - SUBJECT ADDED ENTRY--TOPICAL TERM
Topical term or geographic name entry element Hacienda Pública
9 (RLIN) 15141
650 24 - SUBJECT ADDED ENTRY--TOPICAL TERM
Topical term or geographic name entry element Economía
9 (RLIN) 37064
700 1# - ADDED ENTRY--PERSONAL NAME
Personal name Algarra, Jaime,
Relator term traductor
9 (RLIN) 37065
700 1# - ADDED ENTRY--PERSONAL NAME
Personal name Paredes, Miguel,
Relator term traductor
9 (RLIN) 6077
700 1# - ADDED ENTRY--PERSONAL NAME
Personal name Torres, Manuel de,
Relator term introducción
9 (RLIN) 3623
942 ## - ADDED ENTRY ELEMENTS (KOHA)
Source of classification or shelving scheme Dewey Decimal Classification
Koha item type Books
Existencias
Withdrawn status Lost status Source of classification or shelving scheme Damaged status Not for loan Collection code Home library Current library Date acquired Source of acquisition Full call number Barcode Date last seen Copy number Koha item type
    Dewey Decimal Classification     Non-fiction Biblioteca Pública José María del Castillo y Rada Biblioteca Pública José María del Castillo y Rada 04/15/2018 Donación 336.02 / E351p 430003805 05/16/2024 Ej.1 Books